Valparaíso. Lugares, nombres y personajes. Siglos XVI-XXI

Guardat en:
Dades bibliogràfiques
Autor principal: Saénz Godoy, Leopoldo (Autor)
Format: Llibre
Idioma:espanyol
Publicat: Valparaíso Puntángeles, UPLACED; Bachillerato en Ciencias y Humanidades, USACH 2001
Edició:2a. ed
Matèries:
Etiquetes: Afegir etiqueta
Sense etiquetes, Sigues el primer a etiquetar aquest registre!

MARC

LEADER 00000nam a2200000 a 4500
001 UCJ8709
003 CL-VaPUC
008 070124e20011200CL |||||||||||||||||spa|d
082 0 4 |a 983  |b SAE  |2 21 
100 0 |a Saénz Godoy, Leopoldo  |e author  |9 517610 
245 1 0 |a Valparaíso. Lugares, nombres y personajes. Siglos XVI-XXI 
250 |a 2a. ed 
300 |a 487 p 
942 |c BK 
945 |d 20070124 00:00:00  |a fvergara 
260 |a Valparaíso  |b Puntángeles, UPLACED; Bachillerato en Ciencias y Humanidades, USACH  |c 2001 
500 |a El libro contiene 22 fotografías de distintos lugares de la ciudad. Incluye un Plano de la ciudad con los distintos cerros. El autor es Profesor de Castellano. Actualmente es académico de las Universidades de Santiago y de Ciencias de la Educación 
600 0 7 |a QUIROZ MEJIAS, OSCAR  |2 CL-VaPUC  |9 493737 
600 0 7 |a COLEGIO MAC KAY  |2 CL-VaPUC  |9 517611 
600 0 7 |a HOSPITAL ALEMAN  |2 CL-VaPUC  |9 517612 
600 0 7 |a VON SCHROEDERS, THEODOR  |2 CL-VaPUC  |9 517613 
600 0 7 |a RIED, AQUINAS  |2 CL-VaPUC  |9 513911 
600 0 7 |a FONCK, FRANCISCO  |2 CL-VaPUC  |9 517614 
600 0 7 |a SOMMERSCALES, THOMAS  |2 CL-VaPUC  |9 517615 
600 0 7 |a ADUANA DE VALPARAISO  |2 CL-VaPUC  |9 517616 
600 0 7 |a WADDINGTON, JOSHUA  |2 CL-VaPUC  |9 504660 
600 0 7 |a WHEELWRIGHT, GUILLERMO  |2 CL-VaPUC  |9 315178 
650 7 |a TOPONIMIA  |2 CL-VaPUC  |9 517617 
650 0 |a Historia de Valparaíso  |9 460237 
650 0 |a Valparaíso histórico  |9 266586 
650 0 |a Historia local  |9 266584 
650 0 |a Geografía  |9 259346 
650 0 |a Etnografía   |9 309735 
650 0 |a Antropología cultural   |9 269905 
650 0 |a Lingüística  |9 265068 
650 0 |a Iconografía   |9 267998 
650 0 |a Inmigrantes  |9 317882 
650 7 |a COLONIAS EXTRANJERAS  |2 CL-VaPUC  |9 328458 
650 7 |a INGLESES  |2 CL-VaPUC  |9 517618 
650 0 |a Alemanes   |9 452847 
650 7 |a INSTITUCIONES  |2 CL-VaPUC  |9 329701 
650 0 |a Personajes  |9 329683 
650 7 |a CLUBES  |2 CL-VaPUC  |9 517619 
650 0 |a Colegios  |9 373748 
650 0 |a Liceos  |9 351223 
650 0 |a Iglesias  |9 352850 
650 0 |a Hoteles  |9 360285 
650 0 |a Comerciantes  |9 267878 
650 7 |a PLAZA DE TOROS  |2 CL-VaPUC  |9 517620 
650 7 |a BOMBEROS  |2 CL-VaPUC  |9 435295 
650 0 |a Hospitales   |9 335788 
650 0 |a Ascensores  |9 267480 
651 7 |a BARRIO ALMENDRAL  |2 CL-VaPUC  |9 505496 
651 7 |a CUEVA DEL CHIVATO  |2 CL-VaPUC  |9 517621 
651 7 |a AVDA. YOLANDA  |2 CL-VaPUC  |9 517622 
651 7 |a CABRITERIA  |2 CL-VaPUC  |9 517623 
651 0 |a Valparaíso, Chile  |9 261144 
583 |a last modification  |c 20070124 00:00:00  |k Rodrigo Vera 
999 |c 324366  |d 324364 
952 |0 0  |1 0  |4 0  |6 983_000000000000000_SAE_2001  |7 0  |8 X  |9 404461  |a FDOBUD  |b FDOBUD  |d 2019-11-22  |i 1082779  |o 983 SAE 2001  |p 1082779  |r 2019-11-22  |w 2019-11-22  |y BK_X  |k BUD 
952 |0 0  |1 0  |4 0  |6 983_000000000000000_SAE_2001  |7 0  |8 X  |9 404462  |a FDOBUD  |b FDOBUD  |d 2019-11-22  |i 1082787  |o 983 SAE 2001  |p 1082787  |r 2019-11-22  |w 2019-11-22  |y BK_X  |k BUD